|
|
|
|
| LEADER |
00000nab a2200000 a 4500 |
| 001 |
vtls000416309 |
| 003 |
SK-MaSNL |
| 005 |
20260303210713.0 |
| 008 |
230223c1990 xo 0 slo |
| 015 |
|
|
|a SNBRB19rr/mm-uuuuu
|
| 035 |
|
|
|a CL0416434
|
| 035 |
|
|
|a urn:nbn:sk:snk-aba8zl
|
| 035 |
|
|
|a (urnnbn)urn:nbn:sk:snk:ar-a09l7s
|
| 035 |
|
|
|a (uuid)f6237efb-17f3-49cd-b307-5ee6edf833b0
|
| 040 |
|
|
|a SNKBUCL
|b slo
|c SNKBUCL
|e AACR2
|
| 041 |
0 |
|
|a slo
|
| 044 |
|
|
|a xo
|c SK
|
| 080 |
|
|
|a 658.515:658.52:681.3.04
|2 1981
|
| 080 |
|
|
|a 658.52
|2 1981
|
| 080 |
|
|
|a 681.3.04
|2 1981
|
| 080 |
|
|
|a 621.757
|2 1981
|
| 100 |
1 |
|
|a Mockovčiak, Pavol
|4 aut
|9 935875
|
| 245 |
1 |
0 |
|a Kódovanie a adresovanie nosičov a výrobkov v montážnom procese
|c Pavol Mockovčiak, Rudolf Bies
|
| 300 |
|
|
|b Tb. 2. Sch. 1. Res. angl., nem., rus., lit. 5 zázn. v slov., angl.
|
| 650 |
0 |
7 |
|a montáže
|2 snkbucl
|9 57156
|
| 650 |
0 |
7 |
|a kódovanie nosičov
|2 snkbucl
|9 1242797
|
| 655 |
|
7 |
|a články z novín a časopisov
|2 snkbucl
|9 267496
|
| 700 |
1 |
|
|a Bies, Rudolf
|4 aut
|9 1242798
|
| 773 |
0 |
|
|t Trend VUMA
|g Roč. 21, č. 2 (1990), s. 27-36
|
| 850 |
|
|
|a Slovenská národná knižnica v Martine
|a MTA001
|
| 852 |
|
|
|a SNK
|b KIS3GCP
|
| 958 |
|
|
|a OND
|
| 958 |
|
|
|a NB
|
| 958 |
|
|
|a RK
|
| 958 |
|
|
|a EUIPO
|
| 958 |
|
|
|a article13
|
| 992 |
|
|
|a RBX
|
| 999 |
|
|
|c 2201293
|d 2203223
|